| 000 | 00864 a2200253 4500 | ||
|---|---|---|---|
| 001 | 63269 | ||
| 005 | 20260407155929.0 | ||
| 008 | 260407a1982 arg spa d | ||
| 003 | AR-UNSa-BCEJYS | ||
| 040 |
_aAR-UNSa-BCEJYS _bspa _cAR-UNSa-BCEJYS |
||
| 080 |
_a510 _xConsideraciones fundamentales y generales de las matemáticas |
||
| 245 | 1 | 0 | _aMatemáticas contemporáneas |
| 020 | _a978-968-6034-19-6 | ||
| 250 | _a2a. ed. | ||
| 264 | 1 |
_aMéxico : _bHarla _c1982 |
|
| 300 |
_axv, 688 p. _c23 cm. |
||
| 505 | _a 1. Conjuntos - 2. Lógica – 3. Introducción al estudio de matrices – 4. Probabilidad – 5. Introducción a la estadística – 6. Calculadoras y computadoras | ||
| 041 | _aspa | ||
| 942 | _cBK | ||
| 590 | _aniveau_biblio:m niveau_hierar:0 | ||
| 100 | 1 | _aBritton, Jack R. | |
| 700 | 1 | _aBello, Ignacio | |
| 700 | 1 | _aLoyola Campos, Elías | |
| 999 |
_c8080 _d8080 |
||